| 000 | 00513nam a22001817a 4500 | ||
|---|---|---|---|
| 005 | 20230905190748.0 | ||
| 008 | 230720b |||||||| |||| 00| 0 eng d | ||
| 020 | _a9781873132791 | ||
| 082 |
_a746.09 _bWYE-S |
||
| 100 | _aWyeth, Paul, | ||
| 245 |
_aSCIENTIFIC ANALYSIS of ANCIENT and HISTORIC TEXTILES _bInforming Preservation, Display and Interpretation |
||
| 260 |
_aIndia _bArchetype _c2005 |
||
| 300 | _a266 | ||
| 500 | _ainclude index | ||
| 650 | _aArchitecture | ||
| 700 | _aPaul,Wyeth | ||
| 999 |
_c33093 _d33093 |
||